=LDR 00000nam 2200000 4500 =001 INLIS000000000809676 =008 ###################################ind## =035 ##$$a 0010-0825000169 =245 ##$$a Bercocok Tanam Cokelat / $c Wahju Muljana =260 ##$$b ANEKA ILMU =020 ##$$a 9797365344 =084 ##$$a 633.6 ANA b =520 ##$$a Tanaman alkaloidal =082 ##$$a 633.6